1790 1128 1731 1211 1438 1022 1838 1561 1276 1309 1661 1968 1354 1481 1436 1466 1070 1079 1720 1322 1315 1312 1725 1805 1942 1529 1092 1976 1155 1853 1560 1817 1913 1433 1186 1790 1098 1656 1977 1823 1575 1520 1849 1115 1953 1596 1285 1144 1308 1831 1331 1997 1724 1252 1112 1618 1427 1355 1634 1280 1437 1098 1287 1921 1819 1090 1372 1579 1739 1796 1906 1539 1551 1608 1364 1770 1764 1523 1110 1647 1195 1078 1824 1663 1488 1414 1871 1726 1848 1606 1221 1011 1243 1035 1979 1282 1419 1741 1017 BCNSPRNW ULIB Ver.6.0+V

เปลี่ยนเป็นภาษาไทย

Change to English
 แสดงรายละเอียดบรรณานุกรม
  กลับหน้าหลัก

Brief Record : Get Marc (ISO 2709) : E-mail record : QR code < ปิดหน้าต่าง
LEADER : 00000nam 2200000uu 4500
001    13399127958
003     ULIB
008    211117s2563||||th 000 0 tha d
020    ^a9786160040209
050    ^aนว^bม721ก
100 0  ^aเมญาณี
245 10 ^aกลิ่นจันทน์ /^cเมญาณี
250    ^aพิมพ์ครั้งที่ 1
260    ^aกรุงเทพฯ: ^bพิมพ์คำสำนักพิมพ์,^c2563
300    ^aa392 หน้า ;^c21 ซม.
520    ^aหม่อมเจ้าทัตเทพปรี่มาเวเคชันที่ไร่เมืองเหนือ ซึ่งแอบซื้อไว้ทันทีที่ได้รับอนุญาต ตั้งใจไว้ว่าจะมาปลีกวิเวก หลีกหนีจากความวุ่นวายทั้งปวง ทว่าเพียงแค่มาถึงหน้าประตูเข้าไร่ก็เจอกับการต้อนรับอันแสนจะตื่นตาและร้าวระบม เพราะเข้าใจผิดคิดว่าผู้บุกรุกยามวิกาลเป็น "โจร" กลิ่นจันทร์จึงฟาดไม้ใส่ไม่ยั้ง "เฮ้ย! หยุดนะ เธอเป็นใคร กล้าดียังไงถึงได้มาทำร้ายฉันแบบนี้" "ใคร ๆ ก็มีสิทธิ์ตีโจร จับโจรส่งตำรวจทั้งนั้น!" แม้การเจอกันครั้งแรกจะไม่ประทับใจและออกจะขัดหูขัดตาอยู่มาก ทว่าเสน่ห์ของหญิงสาวจากแดนสิบสองปันนา กลับค่อย ๆ หลอมละลาย ตราตรึง และทำให้ราชนิกุลหนุ่ม "โปรด" เพิ่มขึ้นได้ในทุกวัน หากจะเปรียบทัศนยภาพรอบวรกายว่า "งามจับตา" ภาพใบหน้าอ่อนเยาว์ของนางอัปสรา ยามต้องแสงสุริยาก็นับว่างามจับใจ "เป็นเมียฉันได้หรือไม่กลิ่นจันทร์" -- ปกหลัง
650  7 ^aนวนิยาย
945    ^p280^l0^i008548
999    ^aประนอม เกษจรัล
รายการนี้ยังไม่มีแท็ก
คุณยังไม่ได้ล็อกอิน คุณสามารถมีกิจกรรมร่วมกับเว็บไซต์ได้ แต่ต้องล็อกอินก่อน ::
  ล็อกอิน

รายการสื่อสารสนเทศ

ลำดับที่ ประเภท เลขเรียก/บาร์โค้ด สถานที่ สถานะ
1. นวนิยาย
นวนิยาย
นว ม721ก ฉ.1 
  Barcode: 008548
ห้องสมุดวิทยาเขตสวรรค์ประชารักษ์
►นวนิยาย
บนชั้น
  ขอยืม

รายการใกล้เคียง
    ผู้แต่ง [เมญาณี]

    หัวเรื่อง [นวนิยาย]

BibComment


ยังไม่เคยถูกคอมเมนท์

คอมเมนท์ทรัพยากรรายการนี้
  คอมเมนท์: กลิ่นจันทน์ เมญ..


 Copyright 2026. Bcnsprnw @Library